वल्लत्तोल की कविताएं (Record no. 891571)

MARC details
000 -LEADER
fixed length control field 00983nam a2200265Ia 4500
003 - CONTROL NUMBER IDENTIFIER
control field OSt
005 - DATE AND TIME OF LATEST TRANSACTION
control field 20220930190056.0
008 - FIXED-LENGTH DATA ELEMENTS--GENERAL INFORMATION
fixed length control field 220926b |||||||| |||| 00| 0 mal d
037 ## - SOURCE OF ACQUISITION
Terms of availability Textbook
040 ## - CATALOGING SOURCE
Original cataloging agency CRL
Transcribing agency CRL
Language of cataloging mal
041 ## - LANGUAGE CODE
Source of code mal
Language code of text/sound track or separate title mal
100 ## - MAIN ENTRY--PERSONAL NAME
Personal name दीक्षित, रत्नमयी देवी, अनु.
9 (RLIN) 168570
245 #0 - TITLE STATEMENT
Title वल्लत्तोल की कविताएं
246 ## - VARYING FORM OF TITLE
Title proper/short title Prahlāda
260 ## - PUBLICATION, DISTRIBUTION, ETC.
Place of publication, distribution, etc. नई दिल्ली,
Name of publisher, distributor, etc. साहित्य अकादेमी, भारत
Date of publication, distribution, etc. 1959
300 ## - PHYSICAL DESCRIPTION
Extent 95पृ0
Dimensions cm.
650 ## - SUBJECT ADDED ENTRY--TOPICAL TERM
Topical term or geographic name entry element मलयालम साहित्य
942 ## - ADDED ENTRY ELEMENTS (KOHA)
Classification part O32,1M78x, 152J9
Koha item type Textbook
Source of classification or shelving scheme Colon Classification (CC)

No items available.

Copyright @ Delhi University Library System